<?xml version="1.0" encoding="UTF-8"?>
<record
    xmlns:xsi="http://www.w3.org/2001/XMLSchema-instance"
    xsi:schemaLocation="http://www.loc.gov/MARC21/slim http://www.loc.gov/standards/marcxml/schema/MARC21slim.xsd"
    xmlns="http://www.loc.gov/MARC21/slim">

  <leader>03322nam a2200385 i 4500</leader>
  <controlfield tag="003">CO-MdUADB</controlfield>
  <controlfield tag="005">20260410065512.0</controlfield>
  <controlfield tag="007">cr cn ---auaaa</controlfield>
  <controlfield tag="008">260409s2025    ck bdo|fsm||| 000 0 spa d</controlfield>
  <datafield tag="040" ind1=" " ind2=" ">
    <subfield code="a">CO-MdUADB</subfield>
    <subfield code="b">spa</subfield>
    <subfield code="c">CO-MdUADB</subfield>
    <subfield code="e">rda</subfield>
  </datafield>
  <datafield tag="041" ind1="0" ind2=" ">
    <subfield code="a">spa</subfield>
    <subfield code="b">eng</subfield>
  </datafield>
  <datafield tag="100" ind1="1" ind2=" ">
    <subfield code="a">Giraldo Iral, Jessica</subfield>
    <subfield code="9">874429</subfield>
    <subfield code="e">aut</subfield>
  </datafield>
  <datafield tag="245" ind1="1" ind2="0">
    <subfield code="a">Alimentaci&#xF3;n a la fauna silvestre asociada al ecoturismo :</subfield>
    <subfield code="b">consecuencias y alternativas en el caso del tit&#xED; gris (Oedipomidas leucopus) en los municipios de San Carlos y San Rafael, Antioquia, Colombia /</subfield>
    <subfield code="c">Jessica Giraldo Iral ; asesores: Iv&#xE1;n Dar&#xED;o Soto Calder&#xF3;n, Jes&#xFA;s David Echeverri L&#xF3;pez</subfield>
  </datafield>
  <datafield tag="264" ind1=" " ind2="0">
    <subfield code="a">El Carmen de Viboral :</subfield>
    <subfield code="b">Autor/a, </subfield>
    <subfield code="c">2026</subfield>
  </datafield>
  <datafield tag="300" ind1=" " ind2=" ">
    <subfield code="a">1 recurso en l&#xED;nea (49 p&#xE1;ginas) :</subfield>
    <subfield code="b">digital, archivo de texto PDF, gr&#xE1;ficas, mapas, fotograf&#xED;as a color, tablas</subfield>
  </datafield>
  <datafield tag="336" ind1=" " ind2=" ">
    <subfield code="2">rdacontent</subfield>
    <subfield code="a">texto</subfield>
    <subfield code="b">txt</subfield>
  </datafield>
  <datafield tag="337" ind1=" " ind2=" ">
    <subfield code="a">computadora</subfield>
  </datafield>
  <datafield tag="338" ind1=" " ind2=" ">
    <subfield code="a">recurso en l&#xED;nea</subfield>
  </datafield>
  <datafield tag="347" ind1=" " ind2=" ">
    <subfield code="a">Archivo de texto</subfield>
    <subfield code="b">PDF</subfield>
    <subfield code="c">4,1 MB</subfield>
  </datafield>
  <datafield tag="502" ind1=" " ind2=" ">
    <subfield code="b">78</subfield>
    <subfield code="c">10</subfield>
    <subfield code="d">2025.</subfield>
  </datafield>
  <datafield tag="504" ind1=" " ind2=" ">
    <subfield code="a">Incluye referencias bibliogr&#xE1;ficas.</subfield>
  </datafield>
  <datafield tag="520" ind1="3" ind2=" ">
    <subfield code="a">El tit&#xED; gris (Oedipomidas leucopus) es una especie end&#xE9;mica de Colombia impactada por el deterioro de los ecosistemas y la comercializaci&#xF3;n como mascota, sumando una nueva problem&#xE1;tica, la alimentaci&#xF3;n por medio de cebaderos como atractivo tur&#xED;stico. Durante esta pr&#xE1;ctica profesional, la cual se desarroll&#xF3; en el Centro de Atenci&#xF3;n y Valoraci&#xF3;n de fauna silvestre de Cornare, se llevaron a cabo acciones enfocadas a diagnosticar el uso de comederos por parte del sector hotelero de los municipios de San Carlos y San Rafael y a concientizar a propietarios y administradores sobre sus implicaciones para el tit&#xED; gris y otras especies de fauna silvestre. Se seleccionaron 30 eco-hoteles donde se implementaron charlas educativas, se mapearon los comederos para fauna, se diagnosticaron las justificaciones para su instalaci&#xF3;n y se realiz&#xF3; un monitoreo por medio de c&#xE1;maras trampa. Se identificaron 13 establecimientos con presencia de cebaderos (43%) con un total de 36 comederos, de los cuales 20 (55%) fueron instalados espec&#xED;ficamente para atraer al tit&#xED; gris, cebados principalmente con banano (32%). La raz&#xF3;n de uso es principalmente facilidad de observaci&#xF3;n y fotograf&#xED;a de fauna (67%). Las c&#xE1;maras trampa registraron tres comportamientos principales: interacciones intra e interespec&#xED;ficas neutras, y consumo directo de los cebaderos (87%). Adem&#xE1;s, el uso de cebaderos posiblemente induce cambios comportamentales que podr&#xED;an llevar a alteraciones nutricionales, zoonosis, ataques por
fauna dom&#xE9;stica y aumento del tr&#xE1;fico ilegal de fauna silvestre. (Tomado de la p&#xE1;g. 4).</subfield>
  </datafield>
  <datafield tag="526" ind1=" " ind2=" ">
    <subfield code="a">78</subfield>
  </datafield>
  <datafield tag="540" ind1=" " ind2=" ">
    <subfield code="2">Atribuci&#xF3;n-NoComercial-CompartirIgual.</subfield>
  </datafield>
  <datafield tag="650" ind1="1" ind2="7">
    <subfield code="a">Turismo ecol&#xF3;gico</subfield>
    <subfield code="z">Antioquia (Colombia)</subfield>
    <subfield code="2">lemb</subfield>
    <subfield code="9">65273</subfield>
  </datafield>
  <datafield tag="650" ind1="1" ind2="7">
    <subfield code="a">Animales salvajes</subfield>
    <subfield code="x">Alimentaci&#xF3;n</subfield>
    <subfield code="2">lemb</subfield>
    <subfield code="9">874434</subfield>
  </datafield>
  <datafield tag="650" ind1="1" ind2="0">
    <subfield code="a">Tit&#xED; gris: saguinus leucopus</subfield>
    <subfield code="9">16864</subfield>
  </datafield>
  <datafield tag="650" ind1="1" ind2="7">
    <subfield code="a">Conservaci&#xF3;n de la vida silvestre</subfield>
    <subfield code="2">lemb</subfield>
    <subfield code="9">41906</subfield>
  </datafield>
  <datafield tag="650" ind1="1" ind2="7">
    <subfield code="a">Bienestar de los animales</subfield>
    <subfield code="2">embne</subfield>
    <subfield code="9">857857</subfield>
  </datafield>
  <datafield tag="650" ind1="1" ind2="7">
    <subfield code="a">Educaci&#xF3;n ambiental</subfield>
    <subfield code="2">lemb</subfield>
    <subfield code="9">4704</subfield>
  </datafield>
  <datafield tag="700" ind1="1" ind2=" ">
    <subfield code="a">Soto Calder&#xF3;n, Iv&#xE1;n Dar&#xED;o</subfield>
    <subfield code="9">528963</subfield>
    <subfield code="e">ths</subfield>
  </datafield>
  <datafield tag="700" ind1="1" ind2=" ">
    <subfield code="a">Echeverri L&#xF3;pez, Jes&#xFA;s David</subfield>
    <subfield code="9">719469</subfield>
    <subfield code="e">ths</subfield>
  </datafield>
  <datafield tag="856" ind1="4" ind2="0">
    <subfield code="u">https://hdl.handle.net/10495/50351</subfield>
  </datafield>
  <datafield tag="942" ind1=" " ind2=" ">
    <subfield code="2">ddc</subfield>
    <subfield code="c">TESIS</subfield>
  </datafield>
  <datafield tag="999" ind1=" " ind2=" ">
    <subfield code="c">865518</subfield>
    <subfield code="d">865518</subfield>
  </datafield>
</record>
